00414nam a2200157Ia 4500001000500000005001700005008004100022041000800063082001600071100002900087245008700116260000900203300002800212650000800240654000800248780220260306160522.0260306t2004||||xx |||||||||||||| ||spa|| aESP a362.29bM42 aMendoza F., AlfonsoeAUT 0aGuía metodológica para la intervención preventiva con familias texto impreso c2004 a119 páginas :c21 cm. aGEN aCPS